00453nam a2200145Ia 4500008004100000041000800041082001200049100001800061245002300079260003500102300002400137365001100161999001700172952011800189240624s9999 xx 000 0 und d aeng a823 BAR aBARNES JULIAN aSENSE OF AN ENDING c2012aNew DelhibVintage Books a150 : p. : cm. ; 18 cRSb25 c19999d19999 00144070aIMTNbIMTNcRack 39-Ad2012-10-03eAPg299.00o823 BARp19999r2024-06-24 00:00:00t1w2024-06-24yBK